<?xml version="1.0" encoding="UTF-8"?>
<collection xmlns="http://www.loc.gov/MARC21/slim">
 <record>
  <leader>01976cam a2200373  c4500</leader>
  <controlfield tag="001">1096978156</controlfield>
  <controlfield tag="003">DE-627</controlfield>
  <controlfield tag="005">20240330184932.0</controlfield>
  <controlfield tag="007">tu</controlfield>
  <controlfield tag="008">920120s1970    xx |||||      00| ||ger c</controlfield>
  <datafield tag="035" ind1=" " ind2=" ">
   <subfield code="a">(DE-627)1096978156</subfield>
  </datafield>
  <datafield tag="035" ind1=" " ind2=" ">
   <subfield code="a">(DE-576)026978156</subfield>
  </datafield>
  <datafield tag="035" ind1=" " ind2=" ">
   <subfield code="a">(DE-599)BSZ026978156</subfield>
  </datafield>
  <datafield tag="035" ind1=" " ind2=" ">
   <subfield code="a">(OCoLC)311418350</subfield>
  </datafield>
  <datafield tag="040" ind1=" " ind2=" ">
   <subfield code="a">DE-627</subfield>
   <subfield code="b">ger</subfield>
   <subfield code="c">DE-627</subfield>
   <subfield code="e">rakwb</subfield>
  </datafield>
  <datafield tag="041" ind1=" " ind2=" ">
   <subfield code="a">ger</subfield>
  </datafield>
  <datafield tag="084" ind1=" " ind2=" ">
   <subfield code="a">9,10</subfield>
   <subfield code="2">ssgn</subfield>
  </datafield>
  <datafield tag="084" ind1=" " ind2=" ">
   <subfield code="a">LH 67581</subfield>
   <subfield code="2">rvk</subfield>
   <subfield code="0">(DE-625)rvk/94646:155</subfield>
  </datafield>
  <datafield tag="245" ind1="1" ind2="0">
   <subfield code="a">Vorromanische Kirchenbauten</subfield>
   <subfield code="n">[Hauptbd.]</subfield>
   <subfield code="p">Bearb. von Friedrich Oswald ..</subfield>
   <subfield code="c">hrsg. vom Zentralinst. für Kunstgeschichte</subfield>
  </datafield>
  <datafield tag="264" ind1=" " ind2="1">
   <subfield code="a">München</subfield>
   <subfield code="b">Prestel</subfield>
   <subfield code="c">1970</subfield>
  </datafield>
  <datafield tag="300" ind1=" " ind2=" ">
   <subfield code="a">432 S.</subfield>
  </datafield>
  <datafield tag="336" ind1=" " ind2=" ">
   <subfield code="a">Text</subfield>
   <subfield code="b">txt</subfield>
   <subfield code="2">rdacontent</subfield>
  </datafield>
  <datafield tag="337" ind1=" " ind2=" ">
   <subfield code="a">ohne Hilfsmittel zu benutzen</subfield>
   <subfield code="b">n</subfield>
   <subfield code="2">rdamedia</subfield>
  </datafield>
  <datafield tag="338" ind1=" " ind2=" ">
   <subfield code="a">Band</subfield>
   <subfield code="b">nc</subfield>
   <subfield code="2">rdacarrier</subfield>
  </datafield>
  <datafield tag="490" ind1="1" ind2=" ">
   <subfield code="a">Veröffentlichungen des Zentralinstituts für Kunstgeschichte in München</subfield>
   <subfield code="v">3</subfield>
  </datafield>
  <datafield tag="583" ind1="1" ind2=" ">
   <subfield code="a">Archivierung/Langzeitarchivierung gewährleistet</subfield>
   <subfield code="f">SSG</subfield>
   <subfield code="x">XA-DE-BW</subfield>
   <subfield code="2">pdager</subfield>
   <subfield code="5">DE-16</subfield>
  </datafield>
  <datafield tag="700" ind1="1" ind2=" ">
   <subfield code="a">Oswald, Friedrich</subfield>
   <subfield code="0">(DE-627)1232455210</subfield>
   <subfield code="0">(DE-576)162455216</subfield>
   <subfield code="4">oth</subfield>
  </datafield>
  <datafield tag="773" ind1="1" ind2="8">
   <subfield code="w">(DE-627)1074911725</subfield>
   <subfield code="w">(DE-576)004911725</subfield>
   <subfield code="g">[Hauptbd.]</subfield>
   <subfield code="q">Haup.1970</subfield>
   <subfield code="7">nnnm</subfield>
  </datafield>
  <datafield tag="787" ind1="0" ind2="8">
   <subfield code="i">Rezensiert in</subfield>
   <subfield code="a">Binding, Günther, 1936 - </subfield>
   <subfield code="t">[Rezension von: Oswald, Friedrich, Vorromanische Kirchenbauten]</subfield>
   <subfield code="d">Kevelaer, Rhld. : Verlag Butzon &amp; Berker, 1971</subfield>
   <subfield code="w">(DE-627)1766099696</subfield>
  </datafield>
  <datafield tag="810" ind1="2" ind2=" ">
   <subfield code="a">Zentralinstitut für Kunstgeschichte</subfield>
   <subfield code="t">Veröffentlichungen des Zentralinstituts für Kunstgeschichte in München</subfield>
   <subfield code="v">3</subfield>
   <subfield code="9">3,1.1970</subfield>
   <subfield code="w">(DE-627)129668451</subfield>
   <subfield code="w">(DE-576)001486594</subfield>
   <subfield code="w">(DE-600)255790-3</subfield>
   <subfield code="7">ns</subfield>
  </datafield>
  <datafield tag="936" ind1="r" ind2="v">
   <subfield code="a">LH 67581</subfield>
   <subfield code="b">Spätantike, Frühmittelalter (-1000)</subfield>
   <subfield code="k">Kunstgeschichte</subfield>
   <subfield code="k">Allgemeines. Allgemeine Kunstgeschichte</subfield>
   <subfield code="k">Kunstgeschichte einzelner Gattungen der Kunst</subfield>
   <subfield code="k">Architektur</subfield>
   <subfield code="k">Ordnung nach Aufgaben</subfield>
   <subfield code="k">Sakrale Architektur</subfield>
   <subfield code="k">Kirchen</subfield>
   <subfield code="k">Kirchen</subfield>
   <subfield code="k">Spätantike, Frühmittelalter (-1000)</subfield>
   <subfield code="0">(DE-627)127235055X</subfield>
   <subfield code="0">(DE-625)rvk/94646:155</subfield>
   <subfield code="0">(DE-576)20235055X</subfield>
  </datafield>
  <datafield tag="951" ind1=" " ind2=" ">
   <subfield code="a">MV</subfield>
  </datafield>
  <datafield tag="991" ind1=" " ind2=" ">
   <subfield code="a">Rezensiertes Werk</subfield>
  </datafield>
  <datafield tag="999" ind1=" " ind2=" ">
   <subfield code="a">KXP-PPN1096978156</subfield>
   <subfield code="e">4488563317</subfield>
  </datafield>
 </record>
</collection>
